000 00325nam a22001457a 4500
008 221205b ||||| |||| 00| 0 eng d
020 _a9780697051455
041 _aeng
080 _2THIRD EDITION
_a574
082 _a574 BRO
100 _a44.2
101 _aMJEDIS
245 _aGENERAL ECOLOGY
_cBROWER
942 _2udc
_cBK
999 _c59103
_d59103